Fisiología del sistema nervioso / (Record no. 65873)
[ view plain ]
| 000 -LEADER | |
|---|---|
| campo de control de longitud fija | 00639nam a2200169 i 4500 |
| 001 - NÚMERO DE CONTROL | |
| campo de control | 65873 |
| 003 - IDENTIFICADOR DE NÚMERO DE CONTROL | |
| campo de control | ES-MaACL |
| 007 - CAMPO FIJO DE DESCRIPCIÓN FÍSICA--INFORMACIÓN GENERAL | |
| campo de control de longitud fija | t| |
| 008 - DATOS DE LONGITUD FIJA--INFORMACIÓN GENERAL | |
| campo de control de longitud fija | 040122s1952 mx ||||1| spa d |
| 100 1# - ENTRADA PRINCIPAL--NOMBRE DE PERSONA | |
| Nombre de persona | Fulton, John Farquhar. |
| 9 (RLIN) | 53014 |
| 245 10 - MENCIÓN DEL TÍTULO | |
| Título | Fisiología del sistema nervioso / |
| Mención de responsabilidad, etc. | John F. Fulton ; traducido de la tercera edición inglesa, revisada especialmente adaptada para la edición española por Jaime Pisunyer. |
| 250 ## - MENCION DE EDICION | |
| Mención de edición | [2ª ed. española]. |
| 260 ## - PUBLICACIÓN, DISTRIBUCIÓN, ETC. | |
| Lugar de publicación, distribución, etc. | México : |
| Nombre del editor, distribuidor, etc. | Atlante, |
| Fecha de publicación, distribución, etc. | 1952 ( |
| Fabricante | Imp. Nuevo Mundo) |
| 300 ## - DESCRIPCIÓN FÍSICA | |
| Extensión | XV, 666 p., 1 lám. : |
| Otras características físicas | il. ; |
| Dimensiones | 24 cm. |
| 700 1# - ENTRADA AGREGADA--NOMBRE PERSONAL | |
| Nombre de persona | Pisunyer, Jaime. |
| 9 (RLIN) | 92388 |
| 852 ## - LOCALIZACIÓN | |
| Ubicación | ES-MaACL |
| Número de control de estantería | C-5900 |
| Sublocalización o colección | R.35221 |
| Estatus retirado | Estado de pérdida | Estado de daño | No para préstamo | Biblioteca de origen | Biblioteca actual | Ubicación en estantería | Fecha de adquisición | Fuente de adquisición | Total de préstamos | Signatura topográfica completa | Código de barras | Visto por última vez | Precio de reemplazo | Tipo de ítem Koha |
|---|---|---|---|---|---|---|---|---|---|---|---|---|---|---|
| Biblioteca del Ateneo de Madrid | Biblioteca del Ateneo de Madrid | Sala Palomar | 17/01/2008 | C-5900 | 1069011 | 23/02/2023 | 23/02/2023 | Libro impreso |
